Spon's architects' and builders' price book 2015 (Record no. 115234)

MARC details
000 -LEADER
fixed length control field 00850cam a22002535a 4500
001 - CONTROL NUMBER
control field L158058
008 - FIXED-LENGTH DATA ELEMENTS--GENERAL INFORMATION
fixed length control field 111021S2014 xxk 000 0 eng d
020 ## - INTERNATIONAL STANDARD BOOK NUMBER
International Standard Book Number 9781482204063
035 ## - SYSTEM CONTROL NUMBER
System control number (Sirsi) u158268
041 0# - LANGUAGE CODE
Language code of text/sound track or separate title eng
050 ## - LIBRARY OF CONGRESS CALL NUMBER
Classification number 692.5 $2 18
110 2# - MAIN ENTRY--CORPORATE NAME
Corporate name or jurisdiction name as entry element AECOM
245 00 - TITLE STATEMENT
Title Spon's architects' and builders' price book 2015
250 ## - EDITION STATEMENT
Edition statement 140th ed.
260 ## - PUBLICATION, DISTRIBUTION, ETC.
Place of publication, distribution, etc. Oxon
Name of publisher, distributor, etc. CRC Press
-- Taylor and Francis
Date of publication, distribution, etc. 2014
505 ## - FORMATTED CONTENTS NOTE
Formatted contents note General -- Approximate estimating -- Rates of wages -- Prices for measured works: major works -- Prices for measured works: minor works -- Fees for professional services -- Daywork and prime cost -- Tables and memoranda
520 ## - SUMMARY, ETC.
Summary, etc. Supersedes 139th edition
521 ## - TARGET AUDIENCE NOTE
Target audience note Advanced
590 ## - LOCAL NOTE (RLIN)
Local note KA
651 #4 - SUBJECT ADDED ENTRY--GEOGRAPHIC NAME
Geographic name United Kingdom
Chronological subdivision
690 ## - LOCAL SUBJECT ADDED ENTRY--TOPICAL TERM (OCLC, RLIN)
Topical term or geographic name as entry element BUILT ENVIRONMENT-BUILDING COSTS
942 ## - ADDED ENTRY ELEMENTS (KOHA)
Suppress in OPAC 0
Holdings
Withdrawn status Lost status Source of classification or shelving scheme Damaged status Not for loan Home library Current library Shelving location Date acquired Total Checkouts Full call number Barcode Date last seen Copy number Price effective from Koha item type
    Dewey Decimal Classification     London London Books 18/11/2014   692.5 DAV 30078769 06/08/2019 1 06/08/2019 Book